00770nam a2200193 a 4500003000200000005001700002008004100019050002800060100003000088245008200118260009200200300004800292504004100340650004000381650002400421650003600445650005000481650004500531020250616112207.0021115s19uu xx 00 eng d aPGS TD 388b.Sy984 1999 aSylianco, Lorenzo Justin. aAwareness of people on the need to conserve water /cLorenzo Justin Sylianco. aLas Piñas City, Philippines : bSouthville International School and Colleges,c1999. a45 pages :bcolored illustrations ;c28 cm. aIncludes bibliographical references. aWater conservationvPublic opinion. aWater conservation. aNatural resources conservation. aEnvironmental educationvWater use awareness. aPublic awareness vEnvironmental issues.